Normal view MARC view
  • México

Entry Nombre Geográfico

Number of records used in: 56

001 - NÚMERO DE CONTROL

  • campo de control: 227

003 - IDENTIFICADOR DE NUMERO DE CONTROL

  • campo de control: MX-MxUPN

005 - FECHA Y HORA DE LA ÜLTIMA TRANSACCIÓN

  • campo de control: 20231113104046.0

008 - DATOS DE LONGITUD FIJA

  • campo de control de longitud fija: 231113nn fnnnnbabc n ana |d

035 ## - NÚMERO DE CONTROL

  • Número de control: UPN10000000227

040 ## - FUENTE DE CATALOGACIÓN

  • Lenguaje de catalogación: spa
  • Agencia de catalogación original: MX-MxUPN

151 ## - ENCABEZAMIENTO - NOMBRE GEOGRÁFICO

  • Nombre geográfico: México
  • Subdivisión general : Historia
  • Subdivisión cronológica : Dominación española, 1517-1821

670 ## - FUENTE EN LA QUE SE LOCALIZARON DATOS

  • Cita de la fuente: Escamilla González, G. Lista de encabezamientos de materia, 1978 :
  • Información localizada: página 563 (México -- Historia -- Dominación española, 1517-1821)

902 ## - CATALOGADOR

  • Catalogador: MMA/260398
  • Catalogador: VíctorGodínez/131123